01176nam a2200289Ia 450000500170000000800410001702000190005808200190007710000370009624500950013325000190022830000530024749000200030050501820032065000300050265000410053265000510057365000430062465000410066794200120070826400280072033600270074833700330077533800280080804000350083699900150087120220317001131.0160825s2009 mx a g 000 0 spa  a9789682480101204a338.4791bZ15t1 aZamorano Casal, Francisco Manuel10aTurismo alternativobservicios turísticos diferenciadoscFrancisco Manuel Zamorano Casal a2a. edición  a363 páginas bilustraciones, retratos c25 cm  aTrillas Turismo aTurismo alternativo y desarrollo sustentable ; Animación turística ; Ecoturismo ; Biodiversidad ; Turismo de aventuras ; Turismo rural ; Planeación del turismo alternativo142LEMBaTurismoxMéxico 142LEMBaTurismoxIndustria y comercio 142LEMBaAdministración turística zMéxico 142LEMB aTurismo ecológico zMéxico 142LEMB aTurismo ambiental zMéxico  2ddccBK aMéxicobTrillasc2009 atextobtxt2rdacontent asin mediaciónbn2rdamedia avolumenbnc2rdacarrier aCO-BoRNBPbspaerdacCO-BoRNBP c6025d6025